| 000 | 00407cam a2200169ua 4500 | ||
|---|---|---|---|
| 001 | 3715 | ||
| 008 | 131204n1988 II |||gr||||Z||||||eng | ||
| 040 | _aMAIN | ||
| 041 | _aEnglish | ||
| 082 | _a590 VER | ||
| 100 | _aVERMA, P. S. | ||
| 245 | _aA MANUAL OF PRACTICAL ZOOLOGY CHORDATES | ||
| 260 |
_aNEW DELHI _bS.CHAND & COMPANY _c1988 |
||
| 300 |
_a632: _c24CM. |
||
| 653 | _aAnimals (Zoology) | ||
| 942 | _cBK | ||
| 999 |
_c3702 _d3702 |
||